| 000 | 00856nmm a2200265 a 4500 | ||
|---|---|---|---|
| 001 | ocm0002347448 | ||
| 003 | TR-IsHL | ||
| 005 | 20201028185801.0 | ||
| 008 | 190520s2019 tu tur | ||
| 007 | cr cn | ||
| 020 | _a9786059491891 | ||
| 035 |
_a2347448 _b(N$T) |
||
| 050 | 0 | 4 |
_aPL248.S237 _bK89 2019 |
| 090 | 0 | 4 |
_aPL248.S237 _bK89 2019 |
| 100 | 1 | _aSabahattin Ali | |
| 245 | 1 | 0 |
_aKuyucaklı Yusuf: Puslu Türk Klasikleri _h[electronic resource] / _cSabahattin Ali |
| 260 |
_aİstanbul : _bPuslu Yayıncılık, _c2019 |
||
| 300 | _a277 p. | ||
| 650 | 4 | _aDil ve Edebiyat | |
| 650 | 4 | _aLanguage and Literature | |
| 650 | 0 | _aTürk romanı | |
| 650 | 0 | _aTurkish fiction | |
| 650 | 7 |
_aLITERARY COLLECTIONS / Middle Eastern _2bisacsh |
|
| 856 | 4 | 0 | _uhttp://search.ebscohost.com/login.aspx?direct=true&scope=site&db=e011xww&AN=2347448 |
| 999 |
_c21620 _d21620 |
||